00388nam a2200109 a 450000500170000000800410001705000150005824500690007365000110014299900190015395201060017220140513081050.0020606s19uu xx 00 eng d aP 177bEVE aEveryone needs friends, Poster 28 :bWe work togther, Poster 13. aPoster c116270d116270 001040aELbELcKITd2002-06-06eLib. Fundl0oP 177 EVEpE240r2014-05-13 00:00:00w2014-05-13yKIT